LEADER 00959nam0-2200325---450- 001 990008509880403321 005 20070517111354.0 010 $a88-7140-185-9 035 $a000850988 035 $aFED01000850988 035 $a(Aleph)000850988FED01 035 $a000850988 100 $a20070514d2000----km-y0itay50------ba 101 2 $aita$agrc 102 $aIT 105 $ay-------001yy 200 1 $aFilita grammatico$etestimonianze e frammenti$fintroduzione, edizione e commento [a cura di] Emanuele Dettori 210 $aRoma$cQuasar$d2000 215 $a236 p. 225 1 $aSeminari romani di cultura greca$iQuaderni$v2 676 $a880.09$v21$zita 700 1$aPhiletas :$cCous$0296797 702 1$aDettori,$bEmanuele 801 0$aIT$bUNINA$gRICA$2UNIMARC 901 $aBK 912 $a990008509880403321 952 $aP2B-610-PHILET.-403A-2000$bBibl.53969$fFLFBC 959 $aFLFBC 996 $aFilita grammatico$9732318 997 $aUNINA LEADER 00829nam0-22002891i-450- 001 990000077560403321 005 20080704125355.0 035 $a000007756 035 $aFED01000007756 035 $a(Aleph)000007756FED01 035 $a000007756 100 $a20020821d--------km-y0itay50------ba 101 0 $aita 105 $ay-------001yy 200 1 $a<>Prufung metallischer Werkstoffe$fKurt Matthaes. 210 $aBerlin-Grunewald$cMetall Verlag GMBH$dcopyr. 1952 215 $a210 p.$cill.$d23 cm 610 0 $aMateriali metallici$aProve 676 $a620.160 287 700 1$aMatthaes,$bKurt$05260 801 0$aIT$bUNINA$gRICA$2UNIMARC 901 $aBK 912 $a990000077560403321 952 $a23 19 A 27$b19931$fFINAG 959 $aFINAG 996 $aPrufung metallischer Werkstoffe$9110524 997 $aUNINA LEADER 01426nam 2200349Ia 450 001 996394402303316 005 20221108075309.0 035 $a(CKB)3810000000007863 035 $a(EEBO)2248554485 035 $a(OCoLC)19647399 035 $a(EXLCZ)993810000000007863 100 $a19890503d1675 uy | 101 0 $aeng 135 $aurbn||||a|bb| 200 12$aA paraphrase and annotations upon the epistles of St. Paul written to the Romans, Corinthians, and Hebrews$b[electronic resource] 210 $a[Oxford] $cAt the Theater in Oxford$dM.DC.LXXV [1675] 215 $a[14], 167, [1], 55, [2], 171-348 p 300 $aIllustrated t.p. 300 $aEach part has special t.p., and "Epistle of S. Paul to the Hebrewes paraphras'd" has separate pagination. 300 $a"Written by Obadiah Walker under the general editorship of Bishop Fell"--NUC pre-1956 imprints. 300 $aError in paging: p. 159 misnumbered 150. 300 $aReproduction of original in the University of Illinois (Urbana-Champaign Campus). Library. 330 $aeebo-0167 700 $aWalker$b Obadiah$f1616-1699.$01001863 701 $aFell$b John$f1625-1686.$01001113 801 0$bEAG 801 1$bEAG 801 2$bWaOLN 906 $aBOOK 912 $a996394402303316 996 $aA paraphrase and annotations upon the epistles of St. Paul written to the Romans, Corinthians, and Hebrews$92318563 997 $aUNISA